000 00299nam a2200121Ia 4500
008 240624s9999 xx 000 0 und d
041 _aeng
082 _a658.15 CHA
100 _aCHATTERJEE
245 _aMULTIPLE CHOICE QUESTIONS ON BANK FINANC
260 _c2015
_aKolkata
_bLaw Point
365 _cRS
999 _c27829
_d27829